Повышение конкурентоспособности аграрных предприятий в условиях импортозамещения (Запись № 13532972)

Подробности
000 -МАРКЕР
контрольное поле 02584nam0a2200373 4500
001 - ИДЕНТИФИКАТОР ЗАПИСИ
контрольное поле RU\NLR\BIBL_A\022645736
005 - ИДЕНТИФИКАТОР ВЕРСИИ
контрольное поле 20260120110729.0
010 ## - МЕЖДУНАРОДНЫЙ СТАНДАРТНЫЙ НОМЕР КНИГИ (ISBN)
Номер (ISBN) 978-5-7367-1807-8
Тираж 20
021 ## - НОМЕР ГОСУДАРСТВЕННОЙ РЕГИСТРАЦИИ
Код страны Российская Федерация
Номер КН-П-25-053119
Номер Листа государственной регистраци КН-П-25-5121
035 ## - ДРУГИЕ СИСТЕМНЫЕ НОМЕРА
Идентификатор записи (NLR Aleph) 022645736
100 ## - ДАННЫЕ ОБЩЕЙ ОБРАБОТКИ
Данные общей обработки 20251016d2024 k y0rusy50 ca
101 0# - ЯЗЫК РЕСУРСА
Язык текста, звукозаписи и т.д. русский
102 ## - СТРАНА ПУБЛИКАЦИИ ИЛИ ПРОИЗВОДСТВА
Страна публикации Российская Федерация
105 ## - ПОЛЕ КОДИРОВАННЫХ ДАННЫХ: ТЕКСТОВЫЕ МАТЕРИАЛЫ, МОНОГРАФИЧЕСКИЕ
Кодированные данные о монографическом текстовом документе a z 000yy
181 #0 - ПОЛЕ КОДИРОВАННЫХ ДАННЫХ: ВИД СОДЕРЖАНИЯ
Код вида содержания (ISBD) i3
Код характеристики содержания (ISBD) axxe
182 #0 - ПОЛЕ КОДИРОВАННЫХ ДАННЫХ: ТИП СРЕДСТВА
Код типа средства (ISBD) n - непосредственное
200 1# - ЗАГЛАВИЕ И СВЕДЕНИЯ ОБ ОТВЕТСТВЕННОСТИ
Основное заглавие Повышение конкурентоспособности аграрных предприятий в условиях импортозамещения
Сведения, относящиеся к заглавию аналитический обзор
Первые сведения об ответственности Войтюк В. А., Кондратьева О. В., Слинько О. В.
Последующие сведения об ответственности Министерство сельского хозяйства Российской Федерации, Федеральное государственное бюджетное научное учреждение "Российский научно-исследовательский институт информации и технико-экономических исследований по инженерно-техническому обеспечению агропромышленного комплекса" (ФГБНУ "Росинформагротех")
203 ## - ВИД СОДЕРЖАНИЯ И ТИП СРЕДСТВА
Вид содержания Текст
Дополнительные сведения об издании визуальный
Тип средства непосредственный
210 ## - ПУБЛИКАЦИЯ, РАСПРОСТРАНЕНИЕ И ДР.
Место издания, распространения и т.д. Москва
Имя издателя, распространителя и т. д. ФГБНУ "Росинформагротех"
Дата издания, распространения и т.д. 2024
215 ## - ФИЗИЧЕСКАЯ ХАРАКТЕРИСТИКА
Специфическое обозначение материала и объем 115 с.
Другие сведения о физической характеристике схемы
Размеры 20
300 ## - ОБЩИЕ ПРИМЕЧАНИЯ
Текст примечания Авт. указаны на обороте тит. с.
320 ## - ПРИМЕЧАНИЯ О НАЛИЧИИ В ДОКУМЕНТЕ БИБЛИОГРАФИИ / УКАЗАТЕЛЯ
Текст примечания Библиогр.: с. 103-113 (106 назв.)
606 1# - НАИМЕНОВАНИЕ ТЕМЫ КАК ПРЕДМЕТ
Наименование темы Сельскохозяйственные предприятия
Тематический подзаголовок Конкурентоспособность
Географический подзаголовок Российская Федерация
Системный номер авторитетной/нормативной записи 2549028
Идентификатор авторитетной/нормативной записи RU\NLR\AUTH\661508491
686 1# - ИНДЕКСЫ ДРУГИХ КЛАССИФИКАЦИЙ
Индекс У32(2)-13(2Р)
700 #1 - ИМЯ ЛИЦА - ПЕРВИЧНАЯ ОТВЕТСТВЕННОСТЬ
Начальный элемент ввода Войтюк
Часть имени, кроме начального элемента ввода В. А.
Расширение инициалов личного имени Вячеслав Александрович
701 #1 - ИМЯ ЛИЦА - АЛЬТЕРНАТИВНАЯ ОТВЕТСТВЕННОСТЬ
Начальный элемент ввода Кондратьева
Часть имени, кроме начального элемента ввода О. В.
Расширение инициалов личного имени Ольга Вячеславовна
701 #1 - ИМЯ ЛИЦА - АЛЬТЕРНАТИВНАЯ ОТВЕТСТВЕННОСТЬ
Начальный элемент ввода Слинько
Часть имени, кроме начального элемента ввода О. В.
Расширение инициалов личного имени Олеся Викторовна
712 02 - НАИМЕНОВАНИЕ ОРГАНИЗАЦИИ - ВТОРИЧНАЯ ОТВЕТСТВЕННОСТЬ
Код отношения Издающая организация
Начальный элемент ввода Российский НИИ информации и технико-экономических исследований по инженерно-техническому обеспечению агропромышленного комплекса
Идентифицирующий признак пос. Правдинский, Московская обл.
Системный номер авторитетной/нормативной записи 327418
Идентификатор авторитетной/нормативной записи RU\NLR\AUTH\8826104
942 ## - ДОПОЛНИТЕЛЬНЫЕ ЭЛЕМЕНТЫ ЗАПИСИ (АБИС)
Тип экземпляра АБИС Книга
980 ## - КОЛЛЕКЦИЯ
Название коллекции Национальная библиография

Нет доступных экземпляров.